000 00639nam a22002417a 4500
003 UA-OsUOA
001 127790
007 ta
008 20171214b un ||||| |||| 00| 0 ukr d
100 _aТоменчук Л.
090 _a82.09
_bТ56
942 _cBK
040 _aUA-OsUOA
_brus
_cUA-OsUOA
_dUA-OsUOA
245 _a"Кони"
_bмонография
300 _a100 с.
955 _a1
041 _arus
080 _a82.09
020 _a978-966-525-830-8
260 _aДніпропетровськ
_bПороги
_c2007
650 7 _a82 Література. Літературознавство
_2UDC
999 _c415043
_d415043